00584cam a2200205 a 4500001000800000003000900008005001700017008004100034020002500075040001300100041000800113082002100121100003200142245005000174250001200224260003600236300003700272504005100309650001800360TB12294IN-BhIIT20260105180212.0101214s2012 njua b 001 0 eng  a9789353061074 (pbk.) aIN-BhIIT aeng00a330.01515bGRE/E1 aGreene, William H.,eAuthor10aEconometric analysis /cby William H. Greene. a8th ed. aBoston :bPrentice Hall,c2018. axxxix, 1188 p. :bill. ;c24 cm. aIncludes bibliographical references and index. 0aEconometrics.